000 00609nam a2200145Ia 4500
008 100204s9999 xx 000 0 und d
082 _b23731
100 _aआठवले सदाशिव
245 _aविजयनगरचा सम्राट कृष्णदेवराय
260 _b"श्रीविद्या प्रकाशन, पुणे"
_c1999
300 _a194
630 _aविजयनगरचा सम्राट कृष्णदेवराय
730 _aविजयनगरचा सम्राट कृष्णदेवराय
942 _cBOOK
999 _c468986
_d468983